000 00885nam a2200253Ia 4500
008 130821s1999 sp gr dspa
020 _a848403433X
040 _aCo-BoUCM
_bspa
041 0 0 _aspa
100 1 _aWhitman, Walt
_d1819-1892
_9900
245 1 0 _aCanto a mi mismo
_cWalt Whitman, estudio preliminar y traducción, Enrique Lóez Castellón
260 _aMadrid (España)
_bEdimat
_c1999
300 _a127 páginas
490 _aClasicos de Selección
504 _aIncluye índice y bibliografía
600 _aWhitman, Walt
_d1819-1892
_9900
650 0 4 _aBiografías
_97343
650 0 4 _aFilosofía en la literatura
_915808
650 0 4 _aLiteratura estadounidense
_918653
650 0 4 _aPoesía estadounidense
_921810
700 _aLóéz Castellón, Enrique
_eTr
_9158113
942 _cLIBRO
_a18
_e1
_mW614c1
_2DEWEY
_h811.38
_n0
999 _c31126
_d31126